MiCon 78 : (Record no. 165036)
[ view plain ]
| 000 -LEADER | |
|---|---|
| fixed length control field | 00718nam a2200205 a 4500 |
| 008 - FIXED-LENGTH DATA ELEMENTS--GENERAL INFORMATION | |
| fixed length control field | |
| 020 ## - INTERNATIONAL STANDARD BOOK NUMBER | |
| International Standard Book Number | 0467200028 (hbk.) |
| 049 ## - LOCAL HOLDINGS (OCLC) | |
| Holding library | MAIN |
| 090 ## - LOCALLY ASSIGNED LC-TYPE CALL NUMBER (OCLC); LOCAL CALL NUMBER (RLIN) | |
| Classification number (OCLC) (R) ; Classification number, CALL (RLIN) (NR) | TA410 |
| Local cutter number (OCLC) ; Book number/undivided call number, CALL (RLIN) | MIC |
| 003 - CONTROL NUMBER IDENTIFIER | |
| control field | |
| 005 - DATE AND TIME OF LATEST TRANSACTION | |
| control field | 20230123134403.0 |
| 040 ## - CATALOGING SOURCE | |
| Transcribing agency | NUST |
| 245 #0 - TITLE STATEMENT | |
| Title | MiCon 78 : |
| Remainder of title | optimisization of processing, properties, and service performance through microsrtuctural control / |
| Statement of responsibility, etc. | a symposium sponsored by ASTM committee E-4 on metallography. |
| 260 ## - PUBLICATION, DISTRIBUTION, ETC. | |
| Place of publication, distribution, etc. | Philadelphia : |
| Name of publisher, distributor, etc. | ASTM, |
| Date of publication, distribution, etc. | 1979. |
| 300 ## - PHYSICAL DESCRIPTION | |
| Extent | 650 p . : |
| Other physical details | ill. ; |
| Dimensions | 24 cm. |
| 490 ## - SERIES STATEMENT | |
| Series statement | American society for testing and materials STP 672 . |
| 500 ## - GENERAL NOTE | |
| General note | Includes index. |
| 907 ## - LOCAL DATA ELEMENT G, LDG (RLIN) | |
| a | .b10233192 |
| b | 02-05-07 |
| c | 19-02-07 |
| 942 ## - ADDED ENTRY ELEMENTS (KOHA) | |
| Koha item type | Ordinary Loan Books |
| Call number prefix | TA410 |
| Call number suffix | MIC |
| Date last seen | Total Checkouts | Full call number | Barcode | Cost, replacement price | Price effective from | Koha item type | Lost status | Source of classification or shelving scheme | Damaged status | Not for loan | Collection | Withdrawn status | Home library | Current library | Shelving location | Date acquired | Cost, normal purchase price |
|---|---|---|---|---|---|---|---|---|---|---|---|---|---|---|---|---|---|
| 01/23/2023 | TA410 MIC | 92003016017 | 80.00 | 01/23/2023 | BOOKS | lcc | NFIC | MAIN | MAIN | GEN | 01/23/2023 | 80.00 |